00921nas a2200229Ia 4500001001100000003000900011008004100020040001300061040001300074041001300087100004000100210001500140222001500155245008300170250001100253260002400264501008600288300001700374362002600391500023100417650004300648R137/95211IT-RoPAU151124c99999999xx |||||||||||| ||und|| aIT-RoPAU cIT-RoPAU aITALIANO aSacco PiogCodice Aut. SPICS: 35265 aMULTIMEDIA aMultimedia aMULTIMEDIA, ANNO 01-N.01 (1991)bFormazione A Distanza: Il Progetto Dell'Isfol a1a ed. aTORINObSONDAc1991 bPaulus - SPICS - Società€ San Paolo EM (non-commercial uses only)cCopyright2015 a5 p. [39-43] aANNO 001, N.01 (1991) aNel Panorama Delle Nuove Sperimentazioni Un'Esprienza Promossa Dall'Isfol di Albano. Uso dei Canali Telematici Nell'Ambito del Progetto Fad del Ministero del Lavoro. Modalità€ di Interazione Col Tutor. Sistemi di Rilevazione. aCOMUNICAZIONEvPUBBLICAZIONE PERIODICA